[Event "Online Olym Div2 D 2021"]
[Site "chess.com INT"]
[Date "2021.09.02"]
[Round "2.2"]
[Board "6"]
[White "Flores Rodriguez, Astrid Aphril"]
[Black "Nassr, Ryma"]
[Result "1/2-1/2"]
[BlackTitle "WCM"]
[WhiteElo "1662"]
[BlackElo "1509"]
[WhiteTeam "Mexico"]
[BlackTeam "Algeria"]
[WhiteFideId "5134803"]
[BlackFideId "7920296"]
[EventDate "2021.09.02"]
[EventType "team"]

1. e4 e6 2. Nf3 d5 3. Nc3 dxe4 4. Nxe4 Nd7 5. d4 Ngf6 6. Bd3 Nxe4 7. Bxe4 Nf6 8.
Bd3 c5 9. O-O cxd4 10. Nxd4 Be7 11. Re1 O-O 12. c3 Bd7 13. Qf3 Qb6 14. b3 Bc6
15. Nxc6 Qxc6 16. Qxc6 bxc6 17. Bb2 Rfd8 18. Rad1 Nd5 19. c4 Nb6 20. Be4 Rac8
21. Bc3 c5 22. Kf1 g6 23. Bf3 Kf8 24. Ke2 Nd7 25. Ba5 Nb6 26. Rh1 Rxd1 27. Rxd1
Rd8 28. Rxd8+ Bxd8 29. Bc3 Nd7 30. a3 a5 31. Bc6 Ke7 32. b4 axb4 33. axb4 Bb6
34. Bxd7 Kxd7 35. b5 Kd6 36. f4 Kd7 37. Bf6 Kd6 38. Kf3 h5 39. Ke4 Kd7 40. g3
Bc7 41. h3 Bb6 42. g4 hxg4 43. hxg4 Bc7 44. Be5 Bb6 45. g5 Ke7 46. Bc3 Bc7 47.
Be5 Bb6 48. Bc3 Bc7 49. Bd2 Kd7 50. Bc3 Ke7 1/2-1/2

[Event "Online Olym Div2 D 2021"]
[Site "chess.com INT"]
[Date "2021.09.02"]
[Round "2.3"]
[Board "1"]
[White "Cawdery, Daniel"]
[Black "Martinez Reyes, Pedro Ramon"]
[Result "1/2-1/2"]
[WhiteTitle "IM"]
[BlackTitle "FM"]
[WhiteElo "2419"]
[BlackElo "2404"]
[WhiteTeam "South Africa"]
[BlackTeam "Venezuela"]
[WhiteFideId "14300249"]
[BlackFideId "3901807"]
[EventDate "2021.09.02"]
[EventType "team"]

1. e4 e6 2. d4 d5 3. Nd2 c5 4. exd5 Qxd5 5. Ngf3 cxd4 6. Bc4 Qd6 7. O-O Nf6 8.
Nb3 Be7 9. Nbxd4 O-O 10. Nb5 Qc5 11. Qe2 Nc6 12. Be3 Qh5 13. Nfd4 Qxe2 14. Nxe2
a6 15. Nbd4 Bd7 16. Rfd1 Rac8 17. Bb3 Na5 18. c3 Nc4 19. Bxc4 Rxc4 20. Nf3 Rcc8
21. Ne5 Bc6 22. Nxc6 Rxc6 23. Nd4 Rcc8 24. Nf3 Nd5 25. Bd4 f6 26. Rd2 1/2-1/2

[Event "Online Olym Div2 D 2021"]
[Site "chess.com INT"]
[Date "2021.09.02"]
[Round "2.3"]
[Board "2"]
[White "Vivas Zamora, Fabian Ernesto"]
[Black "Masiya, Mfundo"]
[Result "1-0"]
[WhiteTitle "FM"]
[WhiteElo "2344"]
[BlackElo "1944"]
[WhiteTeam "Venezuela"]
[BlackTeam "South Africa"]
[WhiteFideId "3902480"]
[BlackFideId "14321114"]
[EventDate "2021.09.02"]
[EventType "team"]

1. c4 g6 2. g3 Bg7 3. Bg2 c6 4. Nc3 Nf6 5. e4 e5 6. Nf3 d6 7. d4 Nbd7 8. O-O O-O
9. b3 Re8 10. Re1 a5 11. d5 Qc7 12. Ba3 Nc5 13. Qd2 Bd7 14. Rad1 Rad8 15. Bxc5
dxc5 16. Qe3 b6 17. h3 Rf8 18. d6 Qc8 19. Nxe5 Bxh3 20. Nxc6 Qxc6 21. Bxh3 Nd7
22. Nd5 Qxd6 23. Bxd7 Qxd7 24. Nf6+ Bxf6 25. Rxd7 Rxd7 26. e5 Re8 27. f4 Rd4 28.
Re2 Be7 29. Rd2 Red8 30. Rxd4 cxd4 31. Qd3 f6 32. Kg2 fxe5 33. fxe5 Kf7 34. Kf3
Ke6 35. Ke4 Bc5 36. Qf1 h5 37. Qf6+ Kd7 38. Qxg6 Re8 39. Qxh5 Bd6 40. Qxe8+ Kxe8
41. exd6 Kd7 42. Kxd4 Kxd6 43. a4 1-0

[Event "Online Olym Div2 D 2021"]
[Site "chess.com INT"]
[Date "2021.09.02"]
[Round "2.3"]
[Board "3"]
[White "February, Jesse Nikki"]
[Black "Varela La Madrid, Tilsia Carolina"]
[Result "0-1"]
[WhiteTitle "WIM"]
[BlackTitle "WIM"]
[WhiteElo "1857"]
[BlackElo "2087"]
[WhiteTeam "South Africa"]
[BlackTeam "Venezuela"]
[WhiteFideId "14312336"]
[BlackFideId "3903001"]
[EventDate "2021.09.02"]
[EventType "team"]

1. e4 e5 2. Nf3 Nc6 3. Bc4 Nf6 4. d3 Bc5 5. O-O d6 6. h3 h6 7. c3 O-O 8. d4 Bb6
9. d5 Ne7 10. Qc2 Ng6 11. Rd1 Nh5 12. Nbd2 Nhf4 13. Nf1 Qf6 14. Be2 Nh4 15. Nxh4
Nxh3+ 16. Kh2 Qxh4 17. g3 Qf6 18. Ne3 Qxf2+ 19. Ng2 Ng1 20. Be3 Bxe3 21. Rxg1
Bg4 22. Rge1 Bf3 23. Bd3 Bxg2 24. Re2 Qf3 25. Rae1 Bb6 26. a4 Bf1 27. Rxf1 Qxf1
28. Rg2 Qf6 29. Kh1 Qg5 30. Qe2 g6 31. Rh2 Qxg3 32. Rxh6 Qg1# 0-1

[Event "Online Olym Div2 D 2021"]
[Site "chess.com INT"]
[Date "2021.09.02"]
[Round "2.3"]
[Board "4"]
[White "Patino Garcia, Corals"]
[Black "Laubscher, Anzel"]
[Result "1-0"]
[WhiteTitle "WFM"]
[BlackTitle "WIM"]
[WhiteElo "1916"]
[BlackElo "1699"]
[WhiteTeam "Venezuela"]
[BlackTeam "South Africa"]
[WhiteFideId "3902781"]
[BlackFideId "14300800"]
[EventDate "2021.09.02"]
[EventType "team"]

1. d4 d5 2. Bf4 Nf6 3. e3 e6 4. c3 c5 5. Bd3 Nc6 6. Nd2 b6 7. Ngf3 Bb7 8. Bg3
Bd6 9. Ne5 Bxe5 10. dxe5 Nd7 11. f4 d4 12. exd4 cxd4 13. Ne4 Kf8 14. Nd6 Nc5 15.
Nxb7 Nxb7 16. Be4 Qc7 17. cxd4 Ne7 18. Rc1 Qd7 19. O-O Nd5 20. Qf3 h5 21. Bh4
Na5 22. f5 Kg8 23. fxe6 fxe6 24. Bg6 Rh6 25. Be4 Nc6 26. Rxc6 1-0

[Event "Online Olym Div2 D 2021"]
[Site "chess.com INT"]
[Date "2021.09.02"]
[Round "2.3"]
[Board "5"]
[White "Khumalo, Keith"]
[Black "Escalona Landi, Samid Eduardo"]
[Result "1-0"]
[WhiteTitle "CM"]
[BlackTitle "CM"]
[WhiteElo "2108"]
[BlackElo "2122"]
[WhiteTeam "South Africa"]
[BlackTeam "Venezuela"]
[WhiteFideId "14319470"]
[BlackFideId "3937437"]
[EventDate "2021.09.02"]
[EventType "team"]

1. d4 g6 2. c4 Bg7 3. e4 d6 4. d5 Nf6 5. Bd3 O-O 6. Ne2 c6 7. Nbc3 Nbd7 8. O-O
Nc5 9. Bc2 a5 10. a3 cxd5 11. cxd5 a4 12. f3 Qa5 13. Be3 Bd7 14. Rb1 Rfc8 15.
Nd4 b5 16. Na2 e5 17. Ne2 Na6 18. Kh1 b4 19. axb4 Qb5 20. Nec3 Qb7 21. Bxa4 Nxb4
22. Bxd7 Nxd7 23. Qb3 Rab8 24. Nxb4 Qxb4 25. Qxb4 Rxb4 26. Rfc1 f5 27. Kg1 Nf6
28. Bg5 Rcb8 29. Rc2 h6 30. Bxf6 Bxf6 31. Kf2 Bd8 32. Ke2 Ba5 33. Na2 Rd4 34. b4
fxe4 35. Rd1 exf3+ 36. gxf3 Bb6 37. Rc6 Ra8 38. Nc3 Ra3 39. Rxd4 Bxd4 40. Ne4
Re3+ 41. Kd2 Rxf3 42. Rxd6 Rh3 43. Rxg6+ Kf7 44. Rf6+ Kg7 45. Rf1 Rxh2+ 46. Kd3
Rb2 47. Kc4 Rc2+ 48. Kb5 h5 49. d6 Rc8 50. d7 Rb8+ 51. Kc6 Bb6 52. Nc5 Kg6 53.
Nb7 Bd8 54. Nxd8 Rxd8 55. Kc7 Rxd7+ 56. Kxd7 1-0

[Event "Online Olym Div2 D 2021"]
[Site "chess.com INT"]
[Date "2021.09.02"]
[Round "2.3"]
[Board "6"]
[White "Matute Escobar, Roxanny"]
[Black "Marais, Nina"]
[Result "1-0"]
[WhiteTitle "WFM"]
[BlackTitle "WCM"]
[WhiteElo "1899"]
[BlackElo "1697"]
[WhiteTeam "Venezuela"]
[BlackTeam "South Africa"]
[WhiteFideId "3926028"]
[BlackFideId "14306883"]
[EventDate "2021.09.02"]
[EventType "team"]

1. e4 e6 2. d4 d5 3. exd5 exd5 4. Nf3 Bg4 5. Be2 Bd6 6. h3 Bh5 7. O-O Ne7 8.
Nbd2 Nbc6 9. c3 Qd7 10. Re1 O-O-O 11. b4 Nf5 12. b5 Nce7 13. a4 Kb8 14. a5 Bxf3
15. Nxf3 f6 16. b6 cxb6 17. axb6 axb6 18. Qb3 Kc7 19. c4 dxc4 20. Bxc4 Nc6 21.
Bb5 Nfxd4 22. Nxd4 Nxd4 23. Qc4+ Nc6 24. Be3 Ra8 25. Rac1 Rhc8 26. Red1 Kd8 27.
Bxb6+ Ke7 28. Bc5 Ne5 29. Qb3 Qe6 30. Bxd6+ Kf7 31. Qxe6+ Kxe6 32. Bb4 h6 33.
Rd6+ Kf5 34. Rcd1 Ra2 35. R1d4 Rcc2 36. Bd2 Rcb2 37. Be8 Nf3+ 38. gxf3 Ra1+ 39.
Kg2 Rbb1 40. R4d5# 1-0

[Event "Online Olym Div2 D 2021"]
[Site "chess.com INT"]
[Date "2021.09.02"]
[Round "2.4"]
[Board "1"]
[White "Fier, Alexandr"]
[Black "Silva, David"]
[Result "1/2-1/2"]
[WhiteTitle "GM"]
[BlackTitle "IM"]
[WhiteElo "2564"]
[BlackElo "2312"]
[WhiteTeam "Brazil"]
[BlackTeam "Angola"]
[WhiteFideId "2107139"]
[BlackFideId "10101314"]
[EventDate "2021.09.02"]
[EventType "team"]

1. e4 e6 2. d4 d5 3. Nd2 Nc6 4. Ngf3 Nf6 5. e5 Nd7 6. Bd3 Nb4 7. Be2 c5 8. c3
Nc6 9. O-O Be7 10. Re1 cxd4 11. cxd4 g5 12. Nb3 h5 13. Nfd2 g4 14. Nf1 a5 15. a4
Bb4 16. Bd2 Nf8 17. Bb5 Bd7 18. Rc1 Bxd2 19. Qxd2 Nb4 20. Qe2 Qb6 21. Rc5 Bc6
22. Nfd2 Nd7 23. Bxc6 bxc6 24. Rc3 Rg8 25. h4 gxh3 26. Rxh3 Nc2 27. Rc1 Nxd4 28.
Qxh5 Nf5 29. Rf3 Rg6 30. Qh8+ Nf8 31. Rfc3 Rh6 32. Qg8 Rg6 33. Qh8 Rh6 34. Qg8
Rg6 35. Qh8 1/2-1/2

[Event "Online Olym Div2 D 2021"]
[Site "chess.com INT"]
[Date "2021.09.02"]
[Round "2.4"]
[Board "2"]
[White "Miguel, Sergio"]
[Black "Diamant, Andre"]
[Result "1/2-1/2"]
[WhiteTitle "FM"]
[BlackTitle "GM"]
[WhiteElo "2297"]
[BlackElo "2542"]
[WhiteTeam "Angola"]
[BlackTeam "Brazil"]
[WhiteFideId "10100792"]
[BlackFideId "2108356"]
[EventDate "2021.09.02"]
[EventType "team"]

1. e4 c5 2. Nf3 Nc6 3. d4 cxd4 4. Nxd4 Nf6 5. Nc3 e5 6. Ndb5 d6 7. Nd5 Nxd5 8.
exd5 Ne7 9. c4 Ng6 10. Qa4 Bd7 11. Qb4 Qb8 12. h4 h5 13. Bg5 a6 14. Nc3 a5 15.
Qb3 Be7 16. Nb5 Bxg5 17. hxg5 a4 18. Qb4 Bxb5 19. Qxb5+ Ke7 20. Bd3 Qc7 21. Bxg6
fxg6 22. O-O Rhf8 23. c5 Kf7 24. cxd6 Qxd6 25. Qxb7+ Kg8 26. Qc6 Qxc6 27. dxc6
Rfc8 28. Rac1 Ra6 29. c7 Ra7 30. Rc4 Rcxc7 31. Rfc1 Rxc4 32. Rxc4 Rb7 33. Rxa4
Rxb2 34. Re4 Rxa2 1/2-1/2

[Event "Online Olym Div2 D 2021"]
[Site "chess.com INT"]
[Date "2021.09.02"]
[Round "2.4"]
[Board "4"]
[White "Junior, Ednasia"]
[Black "Alboredo, Julia"]
[Result "0-1"]
[WhiteTitle "WFM"]
[BlackTitle "WFM"]
[WhiteElo "1867"]
[BlackElo "2183"]
[WhiteTeam "Angola"]
[BlackTeam "Brazil"]
[WhiteFideId "10105980"]
[BlackFideId "2124807"]
[EventDate "2021.09.02"]
[EventType "team"]

1. c4 e5 2. Nc3 Nf6 3. g3 d5 4. cxd5 Nxd5 5. Bg2 Nb6 6. Nf3 Nc6 7. O-O Be7 8. d3
O-O 9. a3 Re8 10. b4 Bf8 11. Bb2 a5 12. b5 Nd4 13. a4 f6 14. Rc1 Be6 15. Nxd4
exd4 16. Ne4 Ra7 17. Nc5 Bd5 18. Bxd5+ Qxd5 19. Ne4 f5 20. Nd2 c5 21. Nc4 Nxc4
22. Rxc4 b6 23. Bc1 Bd6 24. e3 dxe3 25. fxe3 Rd7 26. Qc2 g6 27. e4 fxe4 28. dxe4
Qe6 29. Bb2 Be5 30. Bxe5 Qxe5 31. Rd1 Red8 32. Rxd7 Rxd7 33. Rc3 Qd4+ 34. Kg2
Qd2+ 35. Qxd2 Rxd2+ 36. Kf3 Rd4 37. Ra3 Kf7 38. h4 Ke6 39. Kf4 h6 40. g4 Rd1 41.
Rc3 Rf1+ 42. Kg3 Ke5 43. Rd3 c4 44. Rd8 Kxe4 45. Re8+ Kd3 46. Rd8+ Ke3 47. Re8+
Kd2 48. Rd8+ Kc2 49. Rd6 Kb3 50. Rxg6 c3 51. Rxh6 c2 52. Rc6 c1=Q 53. Rxc1 Rxc1
54. h5 Kxa4 55. h6 Kxb5 56. g5 Rh1 57. Kf4 a4 58. Kf5 a3 59. g6 Rh5+ 0-1

[Event "Online Olym Div2 D 2021"]
[Site "chess.com INT"]
[Date "2021.09.02"]
[Round "2.4"]
[Board "5"]
[White "Labussiere, Victor"]
[Black "Junior, Domingos"]
[Result "1/2-1/2"]
[WhiteTitle "FM"]
[BlackTitle "FM"]
[WhiteElo "2291"]
[BlackElo "2118"]
[WhiteTeam "Brazil"]
[BlackTeam "Angola"]
[WhiteFideId "2183129"]
[BlackFideId "10105972"]
[EventDate "2021.09.02"]
[EventType "team"]

1. c4 e5 2. g3 Nf6 3. Bg2 d5 4. cxd5 Nxd5 5. Nf3 Nc6 6. O-O Be7 7. d4 e4 8. Ne5
f5 9. Nxc6 bxc6 10. Nc3 O-O 11. Nxd5 cxd5 12. Bf4 c5 13. Be5 c4 14. f3 Bf6 15.
fxe4 fxe4 16. Bxf6 Rxf6 17. Qd2 Be6 18. Rxf6 Qxf6 19. Rf1 Qe7 20. e3 Rb8 21. Rf2
Qb4 22. Qxb4 Rxb4 23. Rc2 Ra4 24. a3 Ra6 25. Kf2 Kf7 26. Ke1 Rb6 27. Bf1 Rb3 28.
Kf2 g5 29. Be2 g4 30. Bd1 Kg6 31. Re2 Rb7 32. Ke1 Kg5 33. Rd2 h5 34. Kf2 h4 35.
Kg2 h3+ 36. Kf2 Bd7 37. Be2 Ba4 38. Ke1 Rb3 39. Kf2 Bd7 40. Bd1 Rb6 41. Be2 Bb5
42. Ke1 Ba6 43. Bd1 Rf6 44. Be2 Kh5 45. Rc2 Rb6 46. Rd2 Rf6 47. Rc2 Bb5 48. Rd2
Ba4 49. Bf1 Kg5 50. Be2 1/2-1/2

[Event "Online Olym Div2 D 2021"]
[Site "chess.com INT"]
[Date "2021.09.02"]
[Round "2.4"]
[Board "6"]
[White "Paulo, Jemima"]
[Black "Frattini, Beatriz Maria"]
[Result "0-1"]
[BlackTitle "WCM"]
[WhiteElo "1754"]
[BlackElo "1847"]
[WhiteTeam "Angola"]
[BlackTeam "Brazil"]
[WhiteFideId "10110836"]
[BlackFideId "22715002"]
[EventDate "2021.09.02"]
[EventType "team"]

1. c4 c5 2. Nc3 Nf6 3. Nf3 d5 4. cxd5 Nxd5 5. g3 Nc6 6. Bg2 Nc7 7. O-O e5 8. d3
Be7 9. Be3 O-O 10. Rc1 Bd7 11. a3 Rc8 12. Ne4 b6 13. Qb3 Be6 14. Qa4 Bd7 15. Qd1
Nd5 16. Bg5 f5 17. Bxe7 Qxe7 18. Qb3 Be6 19. Neg5 Nf4 20. Nxe6 Qxe6 21. Qxe6+
Nxe6 22. e3 Rfd8 23. Rc3 Rd6 24. Re1 Rcd8 25. Bf1 g5 26. b4 h6 27. b5 e4 28.
dxe4 fxe4 29. bxc6 exf3 30. Bh3 Rxc6 31. Bg4 Rf8 32. Rd1 Kg7 33. Rd7+ Rf7 34.
Rxf7+ Kxf7 35. Bxf3 Rd6 36. Kg2 Nc7 37. a4 Nd5 38. Rc4 Nb4 39. a5 Nd3 40. Bh5+
Kf6 41. axb6 axb6 42. f4 b5 43. Re4 c4 44. Re8 Rc6 45. Rf8+ Kg7 46. Rf7+ Kg8 47.
Rb7 c3 48. Bf7+ Kf8 49. Bb3 b4 50. Kf3 c2 51. Bxc2 Ne1+ 52. Ke2 Nxc2 53. Kd3
Rc3+ 54. Kd2 Rc6 55. f5 Rc5 56. e4 Rc4 57. Kd3 Rc3+ 58. Kd2 Rc5 59. f6 Nd4 60.
Rxb4 Nf3+ 61. Ke3 Nxh2 62. Kd4 Ra5 63. e5 Ng4 64. Rb8+ Kf7 65. Rb7+ Kg6 66. Rg7+
Kf5 67. f7 Ra4+ 68. Kd5 Ra5+ 69. Kc6 Nxe5+ 70. Kb7 Nxf7 71. Rxf7+ Kg4 72. Rf6 h5
73. Rf1 Ra3 74. Kc6 Rxg3 75. Kd5 h4 76. Ke4 h3 77. Rh1 Rg2 78. Ke3 Kg3 79. Ke4
h2 80. Kf5 Rg1 81. Rxh2 Kxh2 82. Kg6 g4 0-1

[Event "Online Olym Div2 D 2021"]
[Site "chess.com INT"]
[Date "2021.09.02"]
[Round "2.5"]
[Board "1"]
[White "Rodriguez Vila, Andres"]
[Black "Skoberne, Jure"]
[Result "1-0"]
[WhiteTitle "GM"]
[BlackTitle "GM"]
[WhiteElo "2484"]
[BlackElo "2561"]
[WhiteTeam "Uruguay"]
[BlackTeam "Slovenia"]
[WhiteFideId "3000010"]
[BlackFideId "14604299"]
[EventDate "2021.09.02"]
[EventType "team"]

1. d4 Nf6 2. Nc3 g6 3. e4 d6 4. Bf4 c6 5. Qd2 Qa5 6. Nf3 Bg4 7. e5 dxe5 8. Nxe5
Be6 9. Bc4 Nd5 10. O-O Nxf4 11. Qxf4 Bxc4 12. Nxc4 Qf5 13. Qc7 Qd7 14. Qa5 Bg7
15. Rad1 O-O 16. d5 Na6 17. Rfe1 Rfe8 18. Ne5 Bxe5 19. Rxe5 c5 20. Rde1 Rac8 21.
Ne4 f6 22. Re6 Nc7 23. Rxf6 Nxd5 24. Rf3 Nb4 25. Nxc5 Qd2 26. Nd3 Rc4 27. a3 Rd4
28. Rf1 1-0

[Event "Online Olym Div2 D 2021"]
[Site "chess.com INT"]
[Date "2021.09.02"]
[Round "2.5"]
[Board "2"]
[White "Markoja, Boris"]
[Black "Roselli Mailhe, Bernardo"]
[Result "1/2-1/2"]
[WhiteTitle "IM"]
[BlackTitle "IM"]
[WhiteElo "2453"]
[BlackElo "2430"]
[WhiteTeam "Slovenia"]
[BlackTeam "Uruguay"]
[WhiteFideId "14608502"]
[BlackFideId "3000028"]
[EventDate "2021.09.02"]
[EventType "team"]

1. d4 Nf6 2. c4 g6 3. Nc3 Bg7 4. g3 O-O 5. Bg2 d6 6. Nf3 Nbd7 7. O-O e5 8. e4 c6
9. h3 a5 10. Be3 a4 11. d5 cxd5 12. cxd5 Qa5 13. Nd2 b5 14. a3 Ba6 15. Re1 Rfc8
16. Na2 Nc5 17. Nb4 Bb7 18. Qe2 Na6 19. Nxa6 Bxa6 20. Rec1 b4 21. Rxc8+ Bxc8 22.
axb4 Qxb4 23. Qc4 Qb8 24. Rxa4 Rxa4 25. Qxa4 Qxb2 26. Qc6 Qb8 27. Nc4 Bf8 28.
Nb6 Bb7 29. Qc4 Qd8 30. Bf1 Nd7 31. Nxd7 1/2-1/2

[Event "Online Olym Div2 D 2021"]
[Site "chess.com INT"]
[Date "2021.09.02"]
[Round "2.5"]
[Board "3"]
[White "de Leon, Patricia"]
[Black "Janzelj, Lara"]
[Result "0-1"]
[WhiteTitle "WFM"]
[BlackTitle "WIM"]
[WhiteElo "2004"]
[BlackElo "2186"]
[WhiteTeam "Uruguay"]
[BlackTeam "Slovenia"]
[WhiteFideId "3000273"]
[BlackFideId "14608391"]
[EventDate "2021.09.02"]
[EventType "team"]

1. d4 d5 2. c4 dxc4 3. Nc3 a6 4. a4 Nc6 5. e3 Na5 6. Nf3 Bg4 7. h3 Bxf3 8. Qxf3
Nf6 9. Bd2 e6 10. Ne4 Nb3 11. Rd1 Nxe4 12. Qxe4 Nxd2 13. Kxd2 Bb4+ 14. Kc2 Qd5
15. Qg4 O-O 16. e4 Qc6 17. Ra1 Rfd8 18. e5 b5 19. Be2 Qb6 20. axb5 Rxd4 21. Qf3
Rb8 22. Rhd1 axb5 23. Ra8 Rxd1 24. Rxb8+ Qxb8 25. Bxd1 Qd8 26. Qe3 g6 27. Bf3 c5
28. Bc6 Qb6 29. Qf3 Qb8 30. Qf6 Ba5 31. h4 Bd8 32. Qf4 b4 33. h5 b3+ 34. Kc1 Qb4
35. Kd1 c3 36. Qc4 Qxc4 0-1

[Event "Online Olym Div2 D 2021"]
[Site "chess.com INT"]
[Date "2021.09.02"]
[Round "2.5"]
[Board "4"]
[White "Vidic, Teja"]
[Black "De Leon, Daiana"]
[Result "1/2-1/2"]
[WhiteTitle "WIM"]
[BlackTitle "WCM"]
[WhiteElo "2172"]
[BlackElo "1601"]
[WhiteTeam "Slovenia"]
[BlackTeam "Uruguay"]
[WhiteFideId "14605511"]
[BlackFideId "3002527"]
[EventDate "2021.09.02"]
[EventType "team"]

1. e4 c6 2. Nf3 d5 3. Nc3 dxe4 4. Nxe4 Bf5 5. Ng3 Bg6 6. d4 Nf6 7. h4 h6 8. h5
Bh7 9. Bd3 Bxd3 10. Qxd3 e6 11. Bf4 Nbd7 12. O-O-O Be7 13. Kb1 Qb6 14. Nd2 O-O
15. Nc4 Qb5 16. Ne5 Nxe5 17. dxe5 Qxd3 18. Rxd3 Nd5 19. Bd2 Rfd8 20. Rd1 Nb6 21.
Bc3 Nd5 22. Bd2 Nb6 23. Ba5 Rd5 24. Bxb6 axb6 25. Rxd5 exd5 26. Nf5 Bc5 27. f4
Ra4 28. Rf1 Re4 29. Kc1 Be3+ 30. Nxe3 Rxe3 31. Kd2 Re4 32. c3 Kf8 33. g3 Ke7 34.
b3 Ke6 35. Kd3 Kf5 36. c4 Kg4 37. cxd5 cxd5 38. Rc1 Kxg3 39. Rg1+ Kxf4 40. Rxg7
Kxe5 41. Rxf7 Rh4 42. Rxb7 Rxh5 43. Rxb6 Rh3+ 44. Kd2 Kd4 45. Rb4+ Kc5 46. a3 h5
47. Rb8 h4 1/2-1/2

[Event "Online Olym Div2 D 2021"]
[Site "chess.com INT"]
[Date "2021.09.02"]
[Round "2.5"]
[Board "5"]
[White "Vazquez, Facundo"]
[Black "Tisaj, Domen"]
[Result "1/2-1/2"]
[WhiteTitle "CM"]
[BlackTitle "FM"]
[WhiteElo "2190"]
[BlackElo "2357"]
[WhiteTeam "Uruguay"]
[BlackTeam "Slovenia"]
[WhiteFideId "3007669"]
[BlackFideId "14628708"]
[EventDate "2021.09.02"]
[EventType "team"]

1. d4 Nf6 2. c4 e6 3. Nf3 d5 4. Nc3 Be7 5. cxd5 exd5 6. Bg5 c6 7. Qc2 g6 8. e3
Bf5 9. Bd3 Bxd3 10. Qxd3 O-O 11. h4 Re8 12. Bxf6 Bxf6 13. h5 Nd7 14. O-O-O Qe7
15. Nh2 Bg7 16. Ng4 Nf6 17. Nxf6+ Qxf6 18. Qe2 b5 19. Qf3 Qg5 20. Ne2 Re4 21.
Kb1 a5 22. Rc1 Re6 23. Nf4 Rd6 24. Nd3 a4 25. Qf4 Qe7 26. hxg6 hxg6 27. Qh4 Qxh4
28. Rxh4 Kf8 29. Nb4 Rc8 30. Rc2 Ke7 31. Rh1 Kd7 32. Rh7 Rg8 33. Kc1 Rf6 34. Nd3
Rf5 35. Kd1 Rh5 36. Rxh5 gxh5 37. Ke2 Bf6 38. Kf3 h4 39. Nb4 Rc8 40. Rc1 Be7 41.
Nd3 Bd6 42. Rh1 Rh8 43. a3 Ke6 44. Rh3 Kf5 45. Rh1 Ke6 46. Rh3 Kf5 47. Rh1 Ke6 1/2-1/2

[Event "Online Olym Div2 D 2021"]
[Site "chess.com INT"]
[Date "2021.09.02"]
[Round "2.5"]
[Board "6"]
[White "Urh, Zala"]
[Black "Malan, Lucia"]
[Result "1-0"]
[WhiteTitle "WIM"]
[BlackTitle "WCM"]
[WhiteElo "2234"]
[BlackElo "1741"]
[WhiteTeam "Slovenia"]
[BlackTeam "Uruguay"]
[WhiteFideId "14611481"]
[BlackFideId "3007570"]
[EventDate "2021.09.02"]
[EventType "team"]

1. d4 d5 2. Nf3 Nf6 3. Bf4 Bf5 4. c4 c6 5. Nc3 e6 6. Qb3 Qb6 7. c5 Qxb3 8. axb3
Nbd7 9. b4 Be7 10. b5 O-O 11. h3 Ne4 12. e3 f6 13. Be2 e5 14. Bh2 Rfc8 15. O-O
b6 16. bxc6 Nxc3 17. bxc3 Rxc6 18. Bb5 Rcc8 19. c6 Nb8 20. dxe5 Nxc6 21. Ba6
Rcb8 22. exf6 Bxf6 23. Bxb8 Rxb8 24. Nd4 Bd7 25. Bb5 Nxd4 26. Bxd7 Ne2+ 27. Kh1
a5 28. Be6+ Kf8 29. Bxd5 Nxc3 30. Bb3 Ne4 31. Rad1 b5 32. Bc2 Ng5 33. f4 Ne6 34.
e4 Bc3 35. f5 Nd4 36. Bd3 a4 37. e5 a3 38. Rc1 b4 39. Bc4 Rc8 40. Bd5 b3 41. f6
Ne2 42. fxg7+ Kxg7 43. Rf7+ Kg6 44. Rd1 a2 45. Rf6+ Kg7 46. Rf7+ Kg6 47. Rf6+
Kg5 48. Be6 Rb8 49. Rf5+ Kg6 50. Rf6+ Kg7 51. Rf7+ Kh8 52. Bxb3 a1=Q 53. Rxa1
Bxa1 54. Bc2 Bxe5 55. Rxh7+ Kg8 56. Re7 Rb5 57. Bd3 Ng3+ 58. Kg1 Rd5 59. Bc4
Bd4+ 60. Kh2 Nf1+ 61. Bxf1 Rf5 62. Bc4+ Kf8 63. Re4 Be5+ 64. Kg1 Bg3 65. Re2 Rc5
66. Rc2 Ke7 67. Kf1 Kf6 68. Ke2 Ke5 69. Kf3 Bh4 70. Kg4 Be7 71. h4 Kd4 72. Bb3
Rb5 73. Be6 Ke5 74. Bc4 Rc5 75. g3 Kd4 76. Bb3 Rb5 77. Ba4 1-0

[Event "Online Olym Div2 D 2021"]
[Site "chess.com INT"]
[Date "2021.09.02"]
[Round "3.1"]
[Board "1"]
[White "Skoberne, Jure"]
[Black "Tissir, Mohamed"]
[Result "1-0"]
[WhiteTitle "GM"]
[BlackTitle "IM"]
[WhiteElo "2561"]
[BlackElo "2375"]
[WhiteTeam "Slovenia"]
[BlackTeam "Morocco"]
[WhiteFideId "14604299"]
[BlackFideId "9000240"]
[EventDate "2021.09.02"]
[EventType "team"]

1. d4 e6 2. c4 c5 3. d5 exd5 4. cxd5 d6 5. Nc3 Ne7 6. e4 Ng6 7. f4 Be7 8. Nf3
O-O 9. Be2 a6 10. a4 Bg4 11. O-O Bf6 12. Be3 Re8 13. Nd2 Bxe2 14. Qxe2 Nd7 15.
Qd3 Rc8 16. a5 Qc7 17. Ra4 Rb8 18. Nd1 h6 19. b3 Be7 20. Nb2 Bf8 21. Nbc4 Rbd8
22. g3 Nf6 23. Bf2 Qd7 24. Qf3 Qh3 25. Ne3 Qd7 26. Kg2 Qb5 27. Nec4 Qd7 28. Re1
h5 29. Nb6 Qb5 30. Ndc4 Ng4 31. Na3 N6e5 32. fxe5 Nxe5 33. Nxb5 Nxf3 34. Kxf3
axb5 35. Ra2 g6 36. Be3 Bg7 37. Bg5 f6 38. Bf4 g5 39. Bc1 Kf7 40. Rf2 Kg6 41.
Kg2 Re7 42. h4 Rde8 43. hxg5 fxg5 44. Rf5 Bh6 45. Ref1 Rxe4 46. Rf6+ Kh7 47.
Rxd6 Re2+ 48. Rf2 Re1 49. Nd7 R8e2 50. Nf6+ Kh8 51. Bb2 1-0

[Event "Online Olym Div2 D 2021"]
[Site "chess.com INT"]
[Date "2021.09.02"]
[Round "3.1"]
[Board "2"]
[White "Karim, Ismael"]
[Black "Markoja, Boris"]
[Result "1/2-1/2"]
[WhiteTitle "IM"]
[BlackTitle "IM"]
[WhiteElo "2351"]
[BlackElo "2453"]
[WhiteTeam "Morocco"]
[BlackTeam "Slovenia"]
[WhiteFideId "625736"]
[BlackFideId "14608502"]
[EventDate "2021.09.02"]
[EventType "team"]

1. e4 e6 2. d4 d5 3. Nc3 Bb4 4. Ne2 dxe4 5. a3 Bxc3+ 6. Nxc3 Nc6 7. d5 exd5 8.
Qxd5 Be6 9. Qxe4 Nf6 10. Qa4 Qd4 11. Bb5 Qxa4 12. Nxa4 O-O-O 13. Bxc6 bxc6 14.
O-O Bf5 15. c3 Bc2 16. Nc5 Nd7 17. Nxd7 Rxd7 1/2-1/2